000 00321nam a2200109Ia 4500
008 171211s9999 xx 000 0 und d
245 _aHollywood's Hawaii : Race, Nation, and War
245 _cDelia Malia Caparoso Konzett
260 _c2017
650 _xcinema
856 _uhttp://down.ebook777.com/064/9780813587431.pdf
999 _c348723
_d348723